| 000 | 00749cam a22002531 4500 | ||
|---|---|---|---|
| 001 | ne 64003458 | ||
| 003 | DLC | ||
| 005 | 20260227111808.0 | ||
| 008 | 870420s1963 le 000 0 arar | ||
| 010 | _ane 64003458 | ||
| 025 | _aPL480:UAR-4857 | ||
| 035 | _a(OCoLC)15554752 | ||
| 040 |
_aDLC _cWaU _dDLC |
||
| 042 | _apremarc | ||
| 043 | _af-ua--- | ||
| 050 | 0 | 0 |
_aPJ7521 _b.H3 |
| 100 | 1 | _aḤalafī, ʻAbd al-ʻAzīz. | |
| 245 | 1 | 0 |
_aUdabāʼ al-sujūn _c[taʼlīf] ʻAbd al-ʻAzīz alḤalafī. |
| 260 |
_a[Bayrūt] _bDār al-Kātib al-ʻArabī, _c1963. |
||
| 300 |
_a224 p. _c20 cm. |
||
| 650 | 0 | _aPrisoners as authors. | |
| 650 | 0 |
_aArabic literature _xHistory and criticism. |
|
| 650 | 0 |
_aPrisoners _zArab countries _xIntellectual life. |
|
| 999 |
_c47732 _d47732 |
||